000 00313nam a22001337a 4500
008 190305b xxu||||| |||| 00| 0 eng d
020 _a56500
041 _aeng
080 _a159.9
100 _a49
101 _aPSI
245 _aGroup Dynamics: The Psychology of Small Group Behavior
_cShaw
942 _2udc
_cBK
999 _c54538
_d54538